Clarkson's Farm - Statistics

General Stats
  • This quiz has been taken 147 times
  • The average score is 12 of 15
Answer Stats
Hint Answer % Correct
Name of the farm D{iddly} S{quat}
96%
Jeremy's young assistant and later farm manager {Kaleb} Cooper
95%
Brand of Jeremy's main tractor Lamborghini
89%
Jeremy's partner who runs the farm shop {Lisa} Hogan
86%
Land agent who advises Jeremy on farm management {Charlie} Ireland
84%
Baby animals many of which tragically die in season 3 Piglets
84%
"Head of Security" and repairer of stone walls, at times hard to understand {Gerald} Cooper
82%
Crop produced in an underground bunker Mushrooms
79%
Number of episodes seasons 1 to 3 each had 8
77%
Spicy plant Jeremy cultivates in the water, trying to sell it to London restaurants Wasabi
76%
English county where the farm is located {Oxford}shire
74%
Aggressive animals brought in to eat the brambles Goats
70%
Wild animals living on the farm which can transmit tuberculosis to cows Badgers
62%
White cow who had to leave the farm because she couldn't get pregnant Pepper
60%
Product named "Jeremy's Hot Seed" Mustard
44%
No matching quizzes found
Score Distribution
Percent of People with Each Score
Percentile by Number Answered
Your Score History
You have not taken this quiz